01173 a2200193 4500003000500000005001700005010001600022020001500038040000900053082001500062100001700077245008600094260003500180300003100215490006100246505061500307650003100922700002600953Nust20221103183521.0 a 72109255 a0070629234 cNust00a621.38,TAU1 aHerbert Taub10aPrinciples of communication systemsc[by] Herbert Taub [and] Donald L. Schilling. aNew York,bMcGraw-Hillc[1971] axx, 514 p.billus.c23 cm.0 aMcGraw-Hill electrical and electronic engineering series aSpectral Analysis (Page-1), Random Variables and Processes (Page-43), Amplitude Modulation Systems (Page-81), Frequency Modulation Systems (Page-113), Pulse Modulation Systems (Page-157), Pulse Code Modulation (Page-196), Mathematical Representation of Noise (Page-235), Noise in Amplitude Modulation on Systems (Page-268), Noise in Frequency Modulation Systems (Page-295), Threshold in Frequency Modulation (Page-320), Data Transmission (Page-365), Noise in Pulse-Code and Delta Modulation Systems (Page-391), Information Theory and Coding (Page-413), Communication System and Noise Calculations (Page-470).  0aTelecommunication systems.1 aSchilling, Donald L.,